00485nam a2200205Ia 4500003000900000005001700009008004100026040001300067040001300080041000900093100002100102100000800123245007500131250001000206260002500216260000900241300001100250300001200261490000600273IT-RoPAU20220918175708.0120407s9999 xx 000 0 und d aIT-RoPAU cIT-RoPAU alat  aConradus Delgado cofm aDe relationibus inter parochum religiosum et eius superiores regulares aRomae aCatholic Book Agency c1940 a140 p. c24,4 cm v1